000234041 001__ 234041
000234041 005__ 20200923173102.0
000234041 0247_ $$2I:(DE-Juel1)JSC-20090406$$aG:(DE-Juel1)jara0015_20200501
000234041 035__ $$aG:(DE-Juel1)jara0015_20200501
000234041 150__ $$aNuclear Lattice Simulations$$y2020-05-01 - 2021-04-30
000234041 371__ $$aMeißner, Ulf-G.$$bJülich$$cForschungszentrum Jülich GmbH, IAS-4 Institute for Advanced Simulations - Theorie der starken Wechselwirkung $$dGermany$$e52428
000234041 372__ $$aNuclear Lattice Simulations$$s2020-05-01$$t2021-04-30
000234041 5101_ $$aVSR/JARA$$wt
000234041 550__ $$0G:(DE-Juel1)jara0015_20190501$$aNuclear Lattice Simulations$$wa
000234041 680__ $$aJSC computation time grant
000234041 681__ $$a309 - Particles, Nuclei and Fields
000234041 909CO $$ooai:juser.fz-juelich.de:884473$$pauthority$$pauthority:GRANT
000234041 909CO $$ooai:juser.fz-juelich.de:884473
000234041 980__ $$aG
000234041 980__ $$aAUTHORITY